Schweizer Challenge League Teams 2024/25 - Statistiken

Allgemein
  • Dieses Quiz wurde 24 mal gespielt
  • Das Durchschnittsergebnis liegt bei 9 aus 10
Antwortstatistiken
Teams % Korrekt
FC Aarau
95%
FC Schaffhausen
95%
FC Thun
95%
FC Vaduz
89%
FC Wil 1900
89%
Neuchâtel Xamax
89%
Étoile Carouge FC
84%
FC Stade Lausanne-Ouchy
84%
AC Bellinzona
79%
Stade Nyonnais
74%
Keine übereinstimmenden Quizze gefunden
Verteilung der Resultate
Anzahl Personen mit jedem Resultat
Perzentil nach korrekt beantworteten Fragen
Ihre Resultats-Entwicklung
Sie haben dieses Quiz noch nicht gespielt